| 000 | 00535cam a22002171 4500 | ||
|---|---|---|---|
| 001 | sa 66007023 | ||
| 003 | DLC | ||
| 005 | 20260227112301.0 | ||
| 008 | 931105m19641965io 000 0 sun | ||
| 010 | _asa 66007023 | ||
| 025 | _aPL480:Indo-2649 | ||
| 035 | _a(OCoLC)29254034 | ||
| 040 |
_aDLC _cCU _dDLC |
||
| 042 | _apremarc | ||
| 050 | 0 | 0 |
_aPL5454.T3 _bM4 |
| 100 | 1 | _aTarmiddi, Eddie. | |
| 245 | 1 | 0 | _aMeunang geusan muntang. |
| 260 |
_aBandung, _bPelita Masa, _c1964-65. |
||
| 300 |
_a2 v. _c17 cm. |
||
| 500 | _aIn Sundanese. | ||
| 999 |
_c70879 _d70879 |
||